Datum a čas kvízu
32.5
Celkem bodů
Celkový počet nahraných bodů na tomto kvízu bez doplňovacích otázek.
7.
Pořadí na kvízu
Konečné umístění týmu na tomto kvízu.
Zaznamenané odpovědi
| # | Otázka | Odpověď | Body | Výsledky |
|---|---|---|---|---|
| 1. | Na prvního Máje se konal jubil... | za porušení nočního klidu | 0 | |
| 2. | Slovenský premiér Robert Fico... | B) závozník v pekárně | 0 | |
| 3. | Šťastný konec měl příběh o ztr... | ve Frankfurtu | 0 | |
| 4. | Který stát překvapivě a bez ko... | B | 0 | |
| 5. | Hokejisté klubu Dynamo Pardubi... | Roman Červenka | 1 | |
| 6. | Ve filmu Sedm sledujeme detekt... | obžerství | 1 | |
| 7. | Tato fotka je známým interneto... | Americké psycho | 1 | |
| 8. | Karel Kopfrkingl, zaměstnanec... | (tibetský) buddhismus | 0 | |
| 9. | Přiřaďte zločince k jejich fil... | 1B 2C 3A 4D | 1 | |
| 10. | Mladý syn se poprvé přímo zapo... | Kmotr, Mario Puzo | 0.5 |